| 000 | 00433nam a2200181Ia 4500 | ||
|---|---|---|---|
| 008 | 230524s9999 xx 000 0 und d | ||
| 020 | _a9788131509272 | ||
| 082 |
_a621.8 _bGER |
||
| 100 |
_aJames M.Gere _911781 |
||
| 245 | 0 | _aStrength of Materials | |
| 250 | _a6 | ||
| 260 |
_aNew Delhi _bCengage _c2011 |
||
| 300 | _a791p; | ||
| 500 | _aQuantity Number: 3 | ||
| 650 | _aMechanics | ||
| 700 | _aBarry J. Goodno | ||
| 942 | _cBK | ||
| 999 |
_c52015 _d52015 |
||